Schubert: su vida y su obra
Kaydedildi:
| Yazar: | |
|---|---|
| Materyal Türü: | Kitap |
| Dil: | İspanyolca |
| Baskı/Yayın Bilgisi: |
Buenos Aires
Anaconda
1950
|
| Seri Bilgileri: | Colección los Grandes Músicos
|
| Konular: | |
| Etiketler: |
Etiketle
Etiket eklenmemiş, İlk siz ekleyin!
|
MARC
| LEADER | 00000nam a2200000 a 4500 | ||
|---|---|---|---|
| 001 | UCN2212 | ||
| 003 | CL-VaPUC | ||
| 008 | 010511e19500000AG |||||||||||||||||spa|d | ||
| 082 | 0 | 4 | |a 780.92 |b DUN |2 21 |
| 100 | 0 | |a Duncan, E |e author |9 457947 | |
| 245 | 1 | 0 | |a Schubert: su vida y su obra |
| 300 | |a 173 p | ||
| 942 | |c BK | ||
| 945 | |d 20010511 00:00:00 |a crobeson | ||
| 260 | |a Buenos Aires |b Anaconda |c 1950 | ||
| 600 | 0 | 7 | |a SCHUBERT, FRANZ |2 CL-VaPUC |9 457948 |
| 650 | 7 | |a COMPOSITORES AUSTRIACOS |2 CL-VaPUC |9 457949 | |
| 650 | 0 | |a Romanticismo en la música |9 306753 | |
| 650 | 7 | |a MUSICA SIGLO 19 |2 CL-VaPUC |9 457950 | |
| 583 | |a last modification |c 20010511 00:00:00 |k Rodrigo Vera | ||
| 490 | 0 | |a Colección los Grandes Músicos | |
| 999 | |c 295370 |d 295368 | ||